000 00976nam a22003137a 4500
003 CHAP
005 20220329140522.0
008 971013s1985 r 00010 d
010 _a53217
011 _a54189
035 _a58340
040 _cCHAP
082 _a540
_bR68Y
100 0 0 _aRossotti, Hazel.
_9100232
245 _aIntroducción a la química
260 _aBarcelona :
_bSalvat,
_c1985
300 _a310 p.
_b: ilus.
490 _aBiblioteca científica Salvat
_v; 16
590 _aBATCH-UPD
_b10
_c20130110
_lUCH01
_h0718
590 _aBATCH-UPD
_b10
_c20130410
_lUCH01
_h0402
590 _aBATCH-UPD
_b10
_c20130914
_lUCH01
_h0617
590 _aCONVERSION
_b10
_c20130109
_lUCH01
_h1329
650 1 4 _aQuímica.
_993552
830 0 _aBiblioteca científica Salvat
_v; 16
_912259
901 _aBK
942 _cLIBRO
949 _a540 R68Y
_bBC
_cLIBRO
_d-126657
_eLIBRO
_h69013
_i58340
_si
949 _a540 R68Y
_bBC
_cLIBRO
_d33724002175876
_eLIBRO
_fc.2
_h112698
_i58340
_sb
999 _c53217
_d53217